|
|
|
|
| LEADER |
00000nam0a2200000 4500 |
| 001 |
374574 |
| 005 |
20231102012649.0 |
| 020 |
|
|
|a RU
|b 86-57561
|
| 035 |
|
|
|a (RuTPU)RU\TPU\retro\32008
|
| 035 |
|
|
|a RU\TPU\book\303959
|
| 090 |
|
|
|a 374574
|
| 100 |
|
|
|a 20221219d1986 k y0rusy5003 ca
|
| 101 |
0 |
|
|a rus
|
| 102 |
|
|
|a UA
|
| 105 |
|
|
|a y z 001zy
|
| 200 |
1 |
|
|a Метаморфогенное рудообразование в докембрии. Формации метаморфогенных рудных месторождений
|f Академия наук Украинской ССР (АН УССР), Институт геохимии и физики минералов ; под ред. Я. Н. Белевцева
|
| 210 |
|
|
|a Киев
|c Наукова думка
|d 1986
|
| 215 |
|
|
|a 167 с.
|
| 320 |
|
|
|a Библиогр.: с. 160-165 (188 назв.)
|
| 606 |
1 |
|
|a Рудообразование
|x Связь с метаморфическими породами
|2 stltpush
|3 (RuTPU)RU\TPU\subj\26044
|9 50060
|
| 610 |
1 |
|
|a метаморфические изменения
|
| 610 |
1 |
|
|a метаморфогенные рудные формации
|
| 610 |
1 |
|
|a докембрийские отложения
|
| 610 |
1 |
|
|a классификация
|
| 610 |
1 |
|
|a железо
|
| 610 |
1 |
|
|a цветные металлы
|
| 610 |
1 |
|
|a марганцеворудные формации
|
| 610 |
1 |
|
|a высокоглиноземистые формации
|
| 610 |
1 |
|
|a урановые месторождения
|
| 610 |
1 |
|
|a метаморфические месторождения
|
| 610 |
1 |
|
|a сульфидные медно-никелевые руды
|
| 610 |
1 |
|
|a монографии
|
| 675 |
|
|
|a 553.2.068
|z rus
|v 4
|
| 702 |
|
1 |
|a Белевцев
|b Я. Н.
|g Яков Николаевич
|4 340
|
| 712 |
0 |
2 |
|a Академия наук Украинской ССР (АН УССР)
|b Институт геохимии и физики минералов
|2 stltpush
|3 (RuTPU)RU\TPU\col\13747
|
| 801 |
|
0 |
|a RU
|b RuMRKP
|c 19960705
|g psbo
|
| 801 |
|
1 |
|a RU
|b 63413507
|c 20150112
|
| 801 |
|
2 |
|a RU
|b 63413507
|c 20221219
|g RCR
|
| 942 |
|
|
|c BK
|